| 000 | 00867nam a2200241#a 4500 | ||
|---|---|---|---|
| 001 | 01927 | ||
| 003 | HDC | ||
| 007 | ta | ||
| 008 | 230623s2011 xx 000 0 eng d | ||
| 040 | _aHDC | ||
| 050 |
_adoc HF5686 _b.H75 W44 2011 |
||
| 100 |
_aWee, Victor, _cDatuk Dr. |
||
| 245 | 0 |
_a The world of travel and taurism, the way forward : _bopportunities in Asia, Asean Hotel and Restaurant Association (AHRA) Conference, Kuala Lumpur Convention Centre, Kuala Lumpur, 8.00am, 22 September 2011 / _cby Victor Wee. |
|
| 264 |
_aKuala Lumpur : _bTourism Malaysia, _c2011. |
||
| 300 |
_avarious paging. : _b ill. ; _c 29cm. |
||
| 650 |
_aHotels management _vCongresses. |
||
| 650 |
_aRestaurants management _zAsean _vCongresses. |
||
| 710 | _aAsean Hotel & Restaurant Association. | ||
| 942 | _2lcc | ||
| 942 | _cBK | ||
| 942 | _kdoc HF5686 | ||
| 942 | _m.H75 W44 2011 | ||
| 999 |
_c23488 _d23488 |
||